Voyage en Chine et dans les mers et archipels de cet empire pendant les années 1847-1848-1849-1850; (Record no. 23120)
[ view plain ]
| 000 -LEADER | |
|---|---|
| fixed length control field | 00674cam a22002051 4500 |
| 001 - CONTROL NUMBER | |
| control field | f 01003562 |
| 003 - CONTROL NUMBER IDENTIFIER | |
| control field | DLC |
| 005 - DATE AND TIME OF LATEST TRANSACTION | |
| control field | 20260227111247.0 |
| 008 - FIXED-LENGTH DATA ELEMENTS--GENERAL INFORMATION | |
| fixed length control field | 760812s1854 fr b 000 0 fre |
| 010 ## - LIBRARY OF CONGRESS CONTROL NUMBER | |
| LC control number | f 01003562 |
| 035 ## - SYSTEM CONTROL NUMBER | |
| System control number | (OCoLC)2368520 |
| 040 ## - CATALOGING SOURCE | |
| Original cataloging agency | DLC |
| Transcribing agency | AzU |
| Modifying agency | AzU |
| -- | DLC |
| 042 ## - AUTHENTICATION CODE | |
| Authentication code | premarc |
| 050 00 - LIBRARY OF CONGRESS CALL NUMBER | |
| Classification number | DS709 |
| Item number | .J95 |
| 100 2# - MAIN ENTRY--PERSONAL NAME | |
| Personal name | Jurien de La Gravière, Jean Pierre Edmond, |
| Dates associated with a name | 1812-1892. |
| 245 10 - TITLE STATEMENT | |
| Title | Voyage en Chine et dans les mers et archipels de cet empire pendant les années 1847-1848-1849-1850; |
| Statement of responsibility, etc. | par Jurien de La Graviére |
| 260 ## - PUBLICATION, DISTRIBUTION, ETC. | |
| Place of publication, distribution, etc. | Paris, |
| Name of publisher, distributor, etc. | Charpentier, |
| Date of publication, distribution, etc. | 1854. |
| 300 ## - PHYSICAL DESCRIPTION | |
| Extent | 2 v. |
| Other physical details | fold. map. |
| Dimensions | 18 cm. |
| 651 #0 - SUBJECT ADDED ENTRY--GEOGRAPHIC NAME | |
| Geographic name | China |
| General subdivision | Description and travel. |
No items available.